Normal view
MARC view
- Lilien,Gary L/Philip kotler
Entry Personal Name
001 - CONTROL NUMBER
- control field: 2962
003 - CONTROL NUMBER IDENTIFIER
- control field: JO-AjAnu
005 - DATE AND TIME OF LATEST TRANSACTION
- control field: 20230606070805.0
008 - FIXED-LENGTH DATA ELEMENTS
- fixed length control field: 230606|| aca||aabn | a|a d
040 ## - CATALOGING SOURCE
- Original cataloging agency: JO-AjAnu
- Transcribing agency: JO-AjAnu
100 ## - HEADING--PERSONAL NAME
- Personal name: Lilien,Gary L/Philip kotler
670 ## - SOURCE DATA FOUND
- Source citation: Work cat.: (JO-AjAnu)1552: Lilien,Gary L/Philip kotler, author, Instructor's Manual to accompany Marketing Decision Making A Model- Building Approach